[Event "El Puerto St Maria op 17th"]
[Site "Cadiz"]
[Date "2002.07.30"]
[Round "2.26"]
[White "Rodriguez Catalan, Juan Jose"]
[Black "Alonso Martin, Jose Antonio"]
[Result "1-0"]
[WhiteElo "1700"]
[BlackElo "1790"]
[PlyCount "69"]
[EventDate "2002.07.29"]
[EventType "swiss"]
[EventRounds "7"]
[EventCountry "ESP"]
[SourceTitle "EXT 2004"]
[Source "ChessBase"]
[SourceDate "2003.11.25"]
[SourceVersion "1"]
[SourceVersionDate "2003.11.25"]
[SourceQuality "1"]

1. e4 c6 2. d4 d5 3. Nc3 dxe4 4. Nxe4 Bf5 5. Ng3 Bg6 6. Nf3 Nd7 7. Bd3 Bxd3 8. Qxd3 e6 9. 0-0 Ngf6 10. Re1 Be7 11. h3 0-0 12. Qb3 Qc7 13. Bd2 Rfe8 14. c4 Bd6 15. Ne4 Nxe4 16. Rxe4 Nf6 17. Re2 a5 18. a4 Nh5 19. Ne5 Bxe5 20. Rxe5 Nf6 21. Qg3 g6 22. Qh4 Nd7 23. Bh6 f6 24. Re3 e5 25. Rae1 Kf7 26. Bf4 h5 27. dxe5 Nxe5 28. Qg3 g5 29. Bxe5 Rxe5 30. Rxe5 fxe5 31. Qxg5 Rg8 32. Qxh5+ Rg6 33. Rxe5 Qd7 34. Rg5 Qe6 35. Qh7+ 1-0